<?xml version="1.0" encoding="UTF-8"?>
<collection xmlns="http://www.loc.gov/MARC21/slim">
<record>
  <controlfield tag="001">162739</controlfield>
  <controlfield tag="005">20251017144619.0</controlfield>
  <datafield tag="024" ind1="8" ind2=" ">
    <subfield code="2">sideral</subfield>
    <subfield code="a">143326</subfield>
  </datafield>
  <datafield tag="037" ind1=" " ind2=" ">
    <subfield code="a">ART-2024-143326</subfield>
  </datafield>
  <datafield tag="041" ind1=" " ind2=" ">
    <subfield code="a">spa</subfield>
  </datafield>
  <datafield tag="100" ind1=" " ind2=" ">
    <subfield code="a">Arpio Santacruz, Juan Lorenzo</subfield>
    <subfield code="u">Universidad de Zaragoza</subfield>
    <subfield code="0">(orcid)0000-0002-3133-7402</subfield>
  </datafield>
  <datafield tag="245" ind1=" " ind2=" ">
    <subfield code="a">La colaboración en UTE como acuerdo restrictivo de la competencia</subfield>
  </datafield>
  <datafield tag="260" ind1=" " ind2=" ">
    <subfield code="c">2024</subfield>
  </datafield>
  <datafield tag="520" ind1="3" ind2=" ">
    <subfield code="a">En el presente artículo se estudia la compatibilidad de los acuerdos de colaboración en UTE con las exigencias de la libre competencia, y en particular con los artículos 101 TFUE y 1.1 LDC. En la elaboración del artículo se han tenido en cuenta las nuevas Directrices de la Comisión Europea sobre acuerdos de cooperación horizontal de 2023 en cuyo capítulo 5, sobre los «acuerdos de comercialización», se dedica un epígrafe específico a los «consorcios de licitadores» con el que se pretende proporcionar un marco analítico que facilite la autoeva-luación de este tipo de acuerdos.

This article analyses the compatibility of cooperation agreements under the legal form of UTE with the requirements of competition, and in particular with those of articles 101 TFEU and 1.1 LDC. lt takes into account the new European Commission Guidelines on horizontal coopera-tion agreements of 2023 and, in particular, its spedfic section on «bidding consortia» provided for within Chapter 5 on «commercialisation agreements», which aims to provide an analytical framework that facilitates self-assessment of this type of agreements.</subfield>
  </datafield>
  <datafield tag="536" ind1=" " ind2=" ">
    <subfield code="9">info:eu-repo/grantAgreement/ES/MICINN/PID2020-115314GB-I00</subfield>
  </datafield>
  <datafield tag="540" ind1=" " ind2=" ">
    <subfield code="9">info:eu-repo/semantics/closedAccess</subfield>
    <subfield code="a">All rights reserved</subfield>
    <subfield code="u">http://www.europeana.eu/rights/rr-f/</subfield>
  </datafield>
  <datafield tag="655" ind1=" " ind2="4">
    <subfield code="a">info:eu-repo/semantics/article</subfield>
    <subfield code="v">info:eu-repo/semantics/publishedVersion</subfield>
  </datafield>
  <datafield tag="710" ind1="2" ind2=" ">
    <subfield code="1">4003</subfield>
    <subfield code="2">165</subfield>
    <subfield code="a">Universidad de Zaragoza</subfield>
    <subfield code="b">Dpto. Derecho de la Empresa</subfield>
    <subfield code="c">Área Derecho Mercantil</subfield>
  </datafield>
  <datafield tag="773" ind1=" " ind2=" ">
    <subfield code="g">44 (2024), 31-58</subfield>
    <subfield code="p">Actas derecho ind. derecho autor</subfield>
    <subfield code="t">Actas de derecho industrial y derecho de autor</subfield>
    <subfield code="x">1139-3289</subfield>
  </datafield>
  <datafield tag="856" ind1="4" ind2=" ">
    <subfield code="s">756829</subfield>
    <subfield code="u">http://zaguan.unizar.es/record/162739/files/texto_completo.pdf</subfield>
    <subfield code="y">Versión publicada</subfield>
  </datafield>
  <datafield tag="856" ind1="4" ind2=" ">
    <subfield code="s">1275956</subfield>
    <subfield code="u">http://zaguan.unizar.es/record/162739/files/texto_completo.jpg?subformat=icon</subfield>
    <subfield code="x">icon</subfield>
    <subfield code="y">Versión publicada</subfield>
  </datafield>
  <datafield tag="909" ind1="C" ind2="O">
    <subfield code="o">oai:zaguan.unizar.es:162739</subfield>
    <subfield code="p">articulos</subfield>
    <subfield code="p">driver</subfield>
  </datafield>
  <datafield tag="951" ind1=" " ind2=" ">
    <subfield code="a">2025-10-17-14:20:58</subfield>
  </datafield>
  <datafield tag="980" ind1=" " ind2=" ">
    <subfield code="a">ARTICLE</subfield>
  </datafield>
</record>
</collection>